| 000 | 01044nam2a22002651 4500 | ||
|---|---|---|---|
| 001 | RU\NLR\Per\849153 | ||
| 005 | 20250617193724.0 | ||
| 010 | _a5-89487-107-7 | ||
| 035 | _a(NLR Aleph) 003092404 | ||
| 090 |
_a2499680 _c2499680 |
||
| 100 | _a20120402d2012 |||y0rusy50 ca | ||
| 101 | 0 | _arus | |
| 102 | _aRU | ||
| 105 | _ay ||||||||| | ||
| 200 | 0 | _a2012, № 2 (146) | |
| 210 |
_d2012 _aБ. м. |
||
| 461 | 0 |
_1001RU\NLR\INFOCOMM15\1000108603 _12001#$aКолокольчик$eЛит.-худож. познават. дет. журн.$eЖурн. для тебя и твоих друзей$v2012, № 2 (146) _92313870 _cМ. _d1999- _nООО "Изд. дом "Искатель" _oЛит.-худож. познават. дет. журн. : Журн. для тебя и твоих друзей _tКолокольчик _y5894871077 _v2012, № 2 (146) |
|
| 801 | 1 |
_aRU _bInfoComm _c20040406 |
|
| 801 | 0 |
_aRU _bNLR _gPSBO |
|
| 801 | 2 |
_aRU _bNLR _c20080303 _2rusmarc |
|
| 852 |
_aNLR _jП29/935 |
||
| 942 | _cISSUE | ||
| 980 | _aNB | ||
| 980 | _aRUSPER | ||